Harry of Potter Quiz Stats

Quiz Updated Nov 26, 2013

Challenge
Share
Tweet
Score 0/20 Timer 03:00
4 Plays Today
% Correct
Chamber
98.2%
Cloak
98%
Goblet
97%
Ministry
94.2%
Sword
91%
Room
89.3%
Heir
87.9%
Department
84.8%
Battle
83.7%
Mirror
81.3%
% Correct
Elixir
80.1%
Order
76.4%
Study
73%
Essence
60.4%
Hall
54.9%
International Statute
52.2%
Hand
51.6%
Fountain
44.6%
Syrup
38.6%
Draught
36.8%

You're not logged in!

Compare scores with friends on all Sporcle quizzes.
Join for Free
OR
Log In

You Might Also Like...

Show Comments

Extras

Top Quizzes Today


Score Distribution

Your Account Isn't Verified!

In order to create a playlist on Sporcle, you need to verify the email address you used during registration. Go to your Sporcle Settings to finish the process.

Report this User

Report this user for behavior that violates our Community Guidelines.

Details: